000
00299nam a22001337a 4500
008
170825b xxu||||| |||| 00| 0 eng d
020
_a
9780073383842
041
_a
eng
080
_2
7TH
_a
82.085
100
_a
39
101
_a
MED
245
_a
THE AIMS OF ARGUMENT
_c
CRUSIUS,T.W
942
_2
udc
_c
BK
999
_c
25007
_d
25007